000 00647nam a2200229Ia 4500
003 OSt
005 20221007074507.0
006 a|||||r|||| 00| 0
007 ta
008 221006b |||||||| |||| 00| 0 eng d
024 _a36,210
037 _cTextual
040 _aFLL
_cFLL
_beng
041 _2eng
_aeng
082 _aZ2,8,53, P4
100 _aRamachandran Raju
245 0 _aProfessional ethics
_bchanging profession, changing ethics
260 _aNagpur
_bLexisNexis Butterworths Wadhwa India
_c2004
300 _axv,160p
_ccm.
942 _hZ2,8,53, P4
_cTEXL
_2CC
999 _c1152569
_d1152569